<?xml version="1.0" encoding="UTF-8"?>
<record
    xmlns:xsi="http://www.w3.org/2001/XMLSchema-instance"
    xsi:schemaLocation="http://www.loc.gov/MARC21/slim http://www.loc.gov/standards/marcxml/schema/MARC21slim.xsd"
    xmlns="http://www.loc.gov/MARC21/slim">

  <leader>01871nam a2200241Ia 4500</leader>
  <controlfield tag="001">IA_Before this uncertain panorama, the installation of palenque properly technified for the processing of mezcalero maguey is contemplated (Agave angustifolia Haw), without losing the artisan techniques that have been worth him the world-wide recognition to the state of Oaxaca. With this project it is tried to revert this adverse situation generating the following benefits economic: (1) Income for the families of the group of producers; (2) to elevate its standard of life; (3) To finance in a future its production; (4) To increase the agricultural productivity; (5) the interaction and the fortification of the maguey-mezcal productive chain. In agreement with the financial analysis for this project it indicates to us that a relation will be obtained beneficio/costo of 1,12, an internal rate of return (TIR) of 31,5 %, a net present value (VAN) of 179.924,76 and one relation benefit net investment of the order of 3.34. This way the present project tries to directly benefit 6 families, 62 of indirect way, composed of a total of 233 people.</controlfield>
  <controlfield tag="002">INSTALACION DE UN PALENQUE PARA LA PRODUCCION DE M</controlfield>
  <controlfield tag="008">220117s    xx            000 0 und d</controlfield>
  <datafield tag="010" ind1=" " ind2=" ">
    <subfield code="a">182899</subfield>
  </datafield>
  <datafield tag="530" ind1=" " ind2=" ">
    <subfield code="a">Disponible en PDF</subfield>
  </datafield>
  <datafield tag="583" ind1=" " ind2=" ">
    <subfield code="a">2 ej. imp.</subfield>
  </datafield>
  <datafield tag="650" ind1=" " ind2=" ">
    <subfield code="a">Alcoholes et&#xED;licos  </subfield>
    <subfield code="9">148013</subfield>
  </datafield>
  <datafield tag="650" ind1=" " ind2=" ">
    <subfield code="a">Distilled spirits</subfield>
    <subfield code="9">148015</subfield>
  </datafield>
  <datafield tag="650" ind1=" " ind2="0">
    <subfield code="a">Entrepreneurship</subfield>
    <subfield code="z">M&#xE9;xico</subfield>
    <subfield code="z">Oaxaca</subfield>
    <subfield code="9">149795</subfield>
  </datafield>
  <datafield tag="650" ind1=" " ind2="0">
    <subfield code="a">Iniciativa empresarial</subfield>
    <subfield code="z">M&#xE9;xico</subfield>
    <subfield code="z">Oaxaca  </subfield>
    <subfield code="9">149796</subfield>
  </datafield>
  <datafield tag="650" ind1=" " ind2=" ">
    <subfield code="a">Mezcal</subfield>
    <subfield code="x">Producci&#xF3;n  </subfield>
    <subfield code="9">155015</subfield>
  </datafield>
  <datafield tag="650" ind1=" " ind2=" ">
    <subfield code="a">Mezcal</subfield>
    <subfield code="x">Production  </subfield>
    <subfield code="9">155016</subfield>
  </datafield>
  <datafield tag="700" ind1=" " ind2=" ">
    <subfield code="a">Mu&#xF1;ante P&#xE9;rez, Domingo M., asesor </subfield>
    <subfield code="9">163668</subfield>
  </datafield>
  <datafield tag="700" ind1="1" ind2=" ">
    <subfield code="a">Ponce Hern&#xE1;ndez, Pedro</subfield>
    <subfield code="9">147918</subfield>
  </datafield>
  <datafield tag="700" ind1=" " ind2=" ">
    <subfield code="a">Rubio Hern&#xE1;ndez, David, asesor</subfield>
    <subfield code="9">157592</subfield>
  </datafield>
  <datafield tag="942" ind1=" " ind2=" ">
    <subfield code="c">TESIS C37 2005</subfield>
  </datafield>
  <datafield tag="999" ind1=" " ind2=" ">
    <subfield code="c">182899</subfield>
    <subfield code="d">182899</subfield>
  </datafield>
</record>
